000 00451nam a2200193Ia 4500
999 _c87
_d87
003 0100
008 130227s9999 xx 000 0 und d
040 _cARRUPELIB
050 _aDT773.B92
100 _aBryce, James Bryce
_939674
245 _aImpressions of South Afrca /
260 _aNew York
_bCentury
_c1897
300 _axxii
300 _b 499p 21cm
650 _aAfrica, South
_xPolitics
_931181
650 _aOrange Free State
_939675
650 _aAfrica, South -
_xDescription & travel
_939414
650 _aTransvaal
_939676
650 _aSouth African War
_930443
650 _aAfrica, South
_xHistory
_930477
942 _2lcc
_cMONOGRAPH